02111nam a2200301 a 4500001001000000003000900010005001700019007000300036008004100039040002500080082001800105110010000123245008400223260008900307300002700396500007700423505074800500590002801248650005001276650005001326710005701376910000701433942001401440952010501454952011101559952012201670999001701792000027786DO-SdBNP20230209101637.0ta110404s1999 xxu 000 0 spa d aDO-SdBNPbspacBNPHU a323bO68i222 aOrganización de los Estados Americanos.bComisión Interamericana de Derechos Humanos98309200aInforme sobre la situación de los derechos humanos en República Dominicana. aWashington :bSecretaría General, Organización de los Estados Americanos,c1999. aviii, 120 p. ;c28 cm. aOEA/Ser.L/V/II.104, doc. 49 rev. 1, 7 octubre 1999, original: español. aIntroducción 9|Antecedentes 11|Organización Político-Jurídica de la República Dominicana 21|Derecho al Recurso Judicial y la Administración de Justicia en la República Dominicana 31|El Derecho a la Vida en la República Dominicana 41|Derecho a la Integridad Personal en la República Dominicana 49|Derecho a la Libertad Personal 57|Derecho a la Libertad de Pensamiento y Expresión 67|Condiciones de los Centros Penitenciarios y la situación de los prisioneros 71|Situación de los trabajadores migrantes haitianos y sus familias en la República Dominicana 85|Situación de la mujer en la República Dominicana 97|Situación de los menores en la República Dominicana 107|Conclusiones y recomendaciones 115|Anexos 125 aInventariado, 2023 / DG aDERECHOS CIVILESxREPUBLICA DOMINICANA983093 aDERECHOS HUMANOSzREPUBLICA DOMINICANA9123742 aComisión Interamericana de Derechos Humanos954857 aDH 2ddccLBS1 001050718MOaPDbPDcHDd2011-04-04iLF1l0o p27786-10r2020-06-25w2020-06-25y1ZNo se presta 001050718MOaPDbPDcCTd2011-09-29iLF1l0o p27786-20r2020-06-25te. 2w2020-06-25y1ZNo se presta 00102ddc56708DSaBNPHUbBNPHUcCTd2023-02-09l0oBNPHU DS 323 O68ip2023-0791r2023-02-09te.3w2023-02-09yLBS1 c27278d27278